| 000 -LEADER |
| fixed length control field |
00617nam a22001817a 4500 |
| 005 - DATE AND TIME OF LATEST TRANSACTION |
| control field |
20201109135434.0 |
| 008 - FIXED-LENGTH DATA ELEMENTS--GENERAL INFORMATION |
| fixed length control field |
200907s2013 enk||||| |||| 00| 0 eng d |
| 020 ## - INTERNATIONAL STANDARD BOOK NUMBER |
| International Standard Book Number |
9781927173572 |
| 080 ## - UNIVERSAL DECIMAL CLASSIFICATION NUMBER |
| Universal Decimal Classification number |
611+612 A-53 |
| 245 ## - TITLE STATEMENT |
| Title |
Anatomy & Physiology : |
| Remainder of title |
Student Workbook / |
| Statement of responsibility, etc. |
Edited by Tracey Greenwood. |
| 250 ## - EDITION STATEMENT |
| Edition statement |
Second editoin |
| 264 ## - PRODUCTION, PUBLICATION, DISTRIBUTION, MANUFACTURE, AND COPYRIGHT NOTICE |
| Place of production, publication, distribution, manufacture |
Biozone, |
| Name of producer, publisher, distributor, manufacturer |
2013. |
| 300 ## - PHYSICAL DESCRIPTION |
| Extent |
282 p. |
| Other physical details |
30 cm. |
| 653 ## - INDEX TERM--UNCONTROLLED |
| keyword |
ადამიანის ანატომია |
| 653 ## - INDEX TERM--UNCONTROLLED |
| keyword |
ადამიანის ფიზიოლოგია |
| 700 ## - ADDED ENTRY--PERSONAL NAME |
| Personal name |
Greenwood, Tracey |
| Relator term |
რედაქტორი |
| 9 (RLIN) |
9417 |
| 942 ## - ADDED ENTRY ELEMENTS (KOHA) |
| Source of classification or shelving scheme |
|
| Koha item type |
წიგნი |